1346 1091 1244 1545 1448 1018 1104 1601 1305 1815 1818 1601 1912 1600 1826 1998 1896 1872 1727 1099 1723 1212 1012 1646 1950 1866 1454 1417 1728 1698 1821 1727 1785 1857 1014 1686 1074 1565 1711 1404 1673 1429 1735 1491 1864 1017 1885 1401 1341 1180 1212 1094 1764 1373 1871 1135 1045 1670 1411 1244 1351 1960 1004 1905 1617 1703 1952 1116 1456 1190 1266 1871 1891 1093 1702 1576 1598 1288 1895 1949 1279 1340 1448 1947 1946 1231 1462 1524 1642 1653 1955 1397 1764 1155 1880 1169 1756 1389 1967 BCNSPRNW ULIB Ver.6.0+V

เปลี่ยนเป็นภาษาไทย

Change to English
 แสดงรายละเอียดบรรณานุกรม
  กลับหน้าหลัก

Brief Record : Get Marc (ISO 2709) : E-mail record : QR code < ปิดหน้าต่าง
LEADER : 00000nam 2200000uu 4500
001    13399114397
003     ULIB
008    120327s2551||||th 000 0 tha d
020    ^a9789741383696
090    ^aนว.^bพ626จ 2551
100 0  ^aพาสเวิร์ด
245 00 ^aเจ้าหัวใจทะเลทราย/^cพาสเวิร์ด
250    ^aพิมพ์ครั้งที่ 3
260    ^aกรุงเทพฯ :^bอักษรศาสตร์,^c2551
300    ^a267 หน้า
710 1  ^aอักษรศาสตร์
945    ^p229^l0^i15405
995    ^aกัณชพร
999    ^aใช้งานได้ทุกระบบ
รายการนี้ยังไม่มีแท็ก
คุณยังไม่ได้ล็อกอิน คุณสามารถมีกิจกรรมร่วมกับเว็บไซต์ได้ แต่ต้องล็อกอินก่อน ::
  ล็อกอิน

รายการสื่อสารสนเทศ

ลำดับที่ ประเภท เลขเรียก/บาร์โค้ด สถานที่ สถานะ
1. วิทยาศาสตร์การแพทย์ และสุขภาพ
วิทยาศาสตร์การแพทย์ และสุขภาพ
นว. พ626จ 2551  
  Barcode: 15405
ห้องสมุดวิทยาเขตสวรรค์ประชารักษ์
►นวนิยาย
บนชั้น
  ขอยืม

รายการใกล้เคียง
    ผู้แต่ง [พาสเวิร์ด]

BibComment


ยังไม่เคยถูกคอมเมนท์

คอมเมนท์ทรัพยากรรายการนี้
  คอมเมนท์: เจ้าหัวใจทะเลทรา..


 Copyright 2026. Bcnsprnw @Library